00456nam a2200109Ia 4500008004100000245019300041260002900234260000900263300000600272650001300278856005500291170516s9999 xx 000 0 und d aCellular Redox Status Regulates Emodin-Induced Radiosensitization of Nasopharyngeal Carcinoma Cells In Vitro and In Vivo, Huaxin Hou, Danrong Li, Daohai Cheng, Li Li, Ying Liu, and Yi Zhou bJournal of Pharmaceutics c2013 a: xPharmacy uhttps://www.hindawi.com/journals/jphar/contents/3/